Die bekanntesten Personen aller Zeiten nach Jahrhundert - Statistiken

Allgemein
  • Dieses Quiz wurde 152 mal gespielt
  • Das Durchschnittsergebnis liegt bei 33 aus 350
Antwortstatistiken
Jahrhundert Antwort Geboren Gestorben Bekannt als % Korrekt
20. Jahrhundert (1980-1989) Cristiano Ronaldo 1985 - Fußballer
86%
20. Jahrhundert (1970-1979) Ronaldo 1976 - Fußballer
84%
20. Jahrhundert (1980-1989) Lionel Messi 1987 - Fußballer
79%
20. Jahrhundert (1990-1999) Cardi B 1992 - Schauspielerin, Sängerin
77%
19. Jahrhundert Adolf Hitler 1889 1945 Politiker, Diktator
63%
21. Jahrhundert Greta Thunberg 2003 - Aktivistin
52%
19. Jahrhundert Albert Einstein 1879 1955 Physiker
50%
20.Jahrhundert (1940-1949) Donald Trump 1946 - Politiker
48%
20. Jahrhundert (1990-1999) Kylian Mbappé 1998 - Fußballer
47%
20. Jahrhundert. (1950-1959) Angela Merkel 1954 - Politikerin
43%
20.Jahrhundert (1940-1949) Pelé 1940 2022 Fußballer
43%
20. Jahrhundert (1960-1969) Barack Obama 1961 - Politiker
42%
18. Jahrhundert Wolfgang Amadeus Mozart 1756 1791 Komponist
40%
16. Jahrhundert Elisabeth I 1533 1603 Adlige
38%
14. Jahrhundert Zheng He 1387 1433 Reisender
37%
300-0 vor Christus Jesus ~0 33 Religiöse Figur
36%
18. Jahrhundert Ludwig van Beethoven 1770 1827 Komponist
36%
21. Jahrhundert Erling Haaland 2000 - Fußballer
34%
15. Jahrhundert Leonardo da Vinci 1452 1519 Erfinder, Maler
34%
15. Jahrhundert Martin Luther 1483 1546 Religiöse Figur
34%
18. Jahrhundert Johann Wolfgang Goethe 1749 1832 Autor
33%
20. Jahrhundert. (1910-1919) John F. Kennedy 1917 1963 Politiker
32%
19. Jahrhundert Joseph Stalin 1979 1953 Politiker
32%
20. Jahrhundert (1990-1999) Neymar 1992 - Fußballer
32%
20. Jahrhundert. (1950-1959) Michael Jackson 1958 2009 Sänger
31%
20. Jahrhundert (1960-1969) Diego Maradona 1960 2020 Fußballer
30%
20. Jahrhundert. (1950-1959) Wladimir Putin 1952 - Politiker
30%
15. Jahrhundert Christopher Kolumbus 1451 1506 Seefahrer
29%
20. Jahrhundert (1970-1979) Elon Musk 1971 - Unternehmer
27%
1.,2. und 3. Jahrhundert Georg 280 303 Religiöse Figur
27%
17. Jahrhundert Johann Sebastian Bach 1685 1750 Komponist
27%
20. Jahrhundert(1930-1939) Neil Armstrong 1930 2012 Astronaut
27%
19. Jahrhundert Vincent van Gogh 1853 1890 Maler
27%
16. Jahrhundert Charles V 1500 1558 Adliger
26%
7. Jahrhundert Hussein ibn Ali 626 680 Religiöse Figur
26%
20. Jahrhundert (1980-1989) Kim Jong-un 1983 - Politiker, Diktator
25%
6. Jahrhundert Muhammed (saws) 570 632 Religiöse Figur
25%
18. Jahrhundert Napoleon 1769 1821 Politiker, Revolutionär
25%
20. Jahrhundert (1980-1989) Ronaldinho 1980 - Fußballer
25%
17. Jahrhundert Isaac Newton 1643 1726 Physiker
24%
9. Jahrhundert Karl III 839 888 Adliger
24%
20. Jahrhundert (1990-1999) Toni Kroos 1990 - Fußballer
24%
7. Jahrhundert Ali 601 661 Religiöse Figur
23%
7. Jahrhundert Hassan ibn Ali 624 670 Religiöse Figur
23%
8. Jahrhundert Karl der Große 748 814 Adliger
23%
9. Jahrhundert Karl der Kahle 823 877 Adliger
23%
20.Jahrhundert (1940-1949) Muhammad Ali 1942 2016 Boxer
23%
8. Jahrhundert Muhammad ibn Musa al-Chwarizmi 780 850 Mathematiker
23%
9. Jahrhundert Muhammed Al-Bukhari 810 870 Religiöse Figur
23%
Die 10 bekanntesten Menschen, die noch nicht vorgekommen sind Wladimir Lenin 1870 1924 Politiker
23%
300-0 vor Christus Iulius Caesar 100 v.chr 44 Adliger
22%
20. Jahrhundert. (1910-1919) Kim Il-Sung 1912 1994 Politiker
22%
20. Jahrhundert (1920-1929) Marilyn Monroe 1926 1962 Schauspielerin, Model
22%
19. Jahrhundert Pablo Picasso 1881 1973 Maler
22%
11. Jahrhundert Wilhelm I 1028 1087 Herrscher
22%
20. Jahrhundert (1970-1979) Zinedine Zidane 1972 - Fußballer
22%
20. Jahrhundert(1930-1939) Elvis Presley 1935 1977 Sänger
21%
12. Jahrhundert Friedrich I (Barbarossa) 1122 1190 Adliger
20%
14. Jahrhundert Jan Hus 1369 1415 Aktivist
20%
20. Jahrhundert. (1910-1919) Johannes Paul I 1912 1978 Religiöse Figur
20%
20. Jahrhundert (1920-1929) Johannes Paul II. 1920 2005 Religiöse Figur
20%
8. Jahrhundert Ludwig der Fromme 778 840 Adliger
19%
17. Jahrhundert Ludwig XIV 1638 1715 Politiker
19%
Die 10 bekanntesten Menschen, die noch nicht vorgekommen sind Mahatma Gandhi 1869 1948 Aktivist
19%
20. Jahrhundert. (1950-1959) Osama Bin Laden 1957 2011 Extremist, Terrorist
19%
21. Jahrhundert Jude Bellingham 2003 - Fußballer
18%
20.Jahrhundert (1940-1949) Steven Spielberg 1946 - Regisseur
18%
16. Jahrhundert William Shakespeare 1564 1616 Autor, Theaterunternehmer
18%
12. Jahrhundert Friedrich II 1194 1250 Adliger
17%
16. Jahrhundert Galileo Galilei 1564 1642 Astrophysiker
17%
21. Jahrhundert George of Wales 2013 - Adliger
17%
300-0 vor Christus Johannes der Täufer 20 v.chr 31 Religiöse Figur
17%
20. Jahrhundert (1970-1979) Leonardo Di Caprio 1974 - Schauspieler
17%
13. Jahrhundert Marco Polo 1254 1324 Reisender
17%
20. Jahrhundert(1930-1939) Michail Gorbatschow 1931 2022 Politiker
17%
20. Jahrhundert (1980-1989) Prinz William 1982 - Adliger
17%
21. Jahrhundert Vinícius Júnior 2000 - Fußballer
17%
19. Jahrhundert Charles Darwin 1809 1882 Biologe
16%
20.Jahrhundert (1940-1949) Hillary Clinton 1947 - Politikerin
16%
19. Jahrhundert Karl Marx 1818 1883 Autor, Philosoph
16%
4. und 5. Jahrhundert Martin von Tours 316 397 Religiöse Figur
16%
17. Jahrhundert Rembrandt 1606 1669 Maler
16%
14. Jahrhundert Johannes Gutenberg 1394 1468 Erfinder
15%
300-0 vor Christus Kleopatra 69 v.chr 30 v.chr Adlige
15%
15. Jahrhundert Michelangelo 1475 1564 Maler
15%
20. Jahrhundert (1960-1969) Prinzessin Diana 1961 1997 Adlige
15%
19. Jahrhundert Thomas Edison 1847 1931 Erfinder
15%
18. Jahrhundert Immanuel Kant 1724 1804 Philosoph
14%
20. Jahrhundert (1960-1969) Jeff Bezos 1964 - Unternehmer
14%
20. Jahrhundert. (1910-1919) Nelson Mandela 1918 2013 Politiker, Aktivist
14%
20. Jahrhundert (1980-1989) Novak Djokovic 1987 - Tennisspieler
14%
10. Jahrhundert Otto I 912 973 Adliger
14%
20. Jahrhundert (1900-1909) Robert Oppenheimer 1904 1967 Physiker
14%
20. Jahrhundert(1930-1939) Saddam Hussein 1937 2006 Politiker, Diktator
14%
600-301 vor Christus Sokrates 470 v.chr 399 v.chr Philosoph
14%
600-301 vor Christus Aristoteles 384 v.chr 321v.chr Philosoph
13%
20. Jahrhundert(1930-1939) Juri Gagarin 1934 1968 Kosmonaut
13%
300-0 vor Christus Maria ? ? Religiöse Figur
13%
15. Jahrhundert Nikolaus Kopernikus 1473 1543 Astrophysiker
13%
600-301 vor Christus Alexander der Große 356 v.chr 323 v.chr Adliger
12%
300-0 vor Christus Augustus 63 v.chr 14 v.chr Adliger
12%
20. Jahrhundert. (1950-1959) Bill Gates 1955 - Unternehmer
12%
12. Jahrhundert Dschingis Khan 1162 1227 Herrscher
12%
9. Jahrhundert Heinrich I 876 936 Adliger
12%
20. Jahrhundert. (1910-1919) Richard Nixon 1913 1994 Politiker
12%
20. Jahrhundert. (1950-1959) Steve Jobs 1955 2011 Unternehmer
12%
15. Jahrhundert Vasco da Gama 1460 1524 Seefahrer
12%
20. Jahrhundert (1900-1909) Frida Kahlo 1907 1954 Malerin
10%
18. Jahrhundert Karl Friedrich Gauss 1777 1855 Mathematiker
10%
1500-1001 vor Christus Moses 1393 v.chr 1273 v.chr Religiöse Figur
10%
20. Jahrhundert(1930-1939) Papst Franziskus 1936 - Religiöse Figur
10%
20.Jahrhundert (1940-1949) Paul McCartney 1942 - Sänger
10%
20. Jahrhundert (1980-1989) Rihanna 1988 - Sängerin
10%
Die 10 bekanntesten Menschen, die noch nicht vorgekommen sind Siegmund Freud 1856 1939 Psychologe, Philosoph
10%
18. Jahrhundert Thomas Jefferson 1743 1826 Politiker
10%
20. Jahrhundert (1980-1989) Zlatan Ibrahimović 1981 - Fußballer
10%
21. Jahrhundert IShowSpeed (Darren Watkins) 2005 - Youtuber
9%
1.,2. und 3. Jahrhundert Nero 37 68 Adliger
9%
19. Jahrhundert Nikola Tesla 1856 1943 Erfinder
9%
600-301 vor Christus Pythagoras 570 v.chr 495 v.chr Mathematiker
9%
20. Jahrhundert. (1910-1919) Ronald Reagan 1911 2004 Politiker
9%
20. Jahrhundert (1960-1969) Will Smith 1968 - Schauspieler
9%
18. Jahrhundert Adam Smith 1723 1790 Philosoph
8%
17. Jahrhundert Antonio Vivaldi 1678 1741 Komponist
8%
20. Jahrhundert (1990-1999) Ariana Grande 1993 - Sängerin
8%
1500-1001 vor Christus David 1010 v.chr 970 v.chr Religiöse Figur
8%
20. Jahrhundert (1920-1929) Elisabeth II. 1926 2022 Adlige
8%
15. Jahrhundert Ferdinand Magellan 1480 1521 Seefahrer
8%
20. Jahrhundert (1920-1929) Jimmy Carter 1924 Politiker
8%
600-301 vor Christus Platon 427 v.chr 347 v.chr Philosoph
8%
20. Jahrhundert (1900-1909) Salvador Dalí 1904 1989 Maler
8%
1500-1001 vor Christus Tutanchamun 1341 v.chr 1323 v.chr Adliger (Pharao)
8%
2000-1501 vor Christus Abraham ? 17. Jahrhundert v.chr Religiöse Figur
7%
300-0 vor Christus Josef von Nazareth ? ~0 Religiöse Figur
7%
600-301 vor Christus Konfuzius 551 v.chr 479 v.chr Philosoph
7%
20. Jahrhundert(1930-1939) Lee Harvey Oswald 1939 1963 Extremist, Mörder
7%
20.Jahrhundert (1940-1949) Muammar Gaddafi 1942 2011 Politiker, Diktator
7%
600-301 vor Christus Buddha 566 v.chr 452 v.chr Philosoph
6%
20. Jahrhundert (1920-1929) Che Guevara 1928 1967 Aktivist
6%
Vor 2500 vor Christus Cheops 2550 v.chr 2479 v.chr Adliger (Pharao), Weltbekannt durch gleichnamige Pyramide
6%
20. Jahrhundert (1990-1999) Emma Watson 1990 - Schauspielerin
6%
Die 10 bekanntesten Menschen, die noch nicht vorgekommen sind Mustafa Kemal Atatürk 1881 1938 Politiker
6%
300-0 vor Christus Simon Petrus ~0 67 Religiöse Figur
6%
13. Jahrhundert Batu Khan 1207 1255 Herrscher
5%
20. Jahrhundert (1920-1929) Fidel Castro 1926 2016 Politiker
5%
20. Jahrhundert (1900-1909) Heinrich Himmler 1900 1945 Politiker
5%
1000-601 vor Christus Homer 800 v.chr 750 v.chr Dichter
5%
13. Jahrhundert Hülegü Khan 1217 1265 Herrscher
5%
15. Jahrhundert Johanna von Orléans 1412 1431 Widerstandskämpferin
5%
300-0 vor Christus Marcus Tullius Cicero 106 v.chr 43 v.chr Dichter
5%
1500-1001 vor Christus Ramses II 1303 v.chr 1213 v.chr Adliger (Pharao)
5%
16. Jahrhundert René Descartes 1596 1650 Philosoph
5%
20. Jahrhundert (1960-1969) Shah Rukh Khan 1965 - Schauspieler
5%
20. Jahrhundert. (1950-1959) Xi Jinping 1953 - Politiker
5%
20.Jahrhundert (1940-1949) Bob Marley 1945 1981 Sänger
4%
20.Jahrhundert (1940-1949) Freddie Mercury 1946 1991 Sänger
4%
19. Jahrhundert Frédéric Chopin 1810 1849 Komponist
4%
17. Jahrhundert Gottfried Wilhelm Leibniz 1646 1716 Mathematiker
4%
20. Jahrhundert (1900-1909) Hirohito 1901 1989 Adliger
4%
Vor 2500 vor Christus Ötzi ? 4. Jahrtausend v.chr Gletschermumie
4%
15. Jahrhundert Raffael 1483 1520 Maler
4%
21. Jahrhundert Rodrygo 2001 - Fußballer
4%
12. Jahrhundert Saladin 1138 1193 Adliger, Religiöse Figur
4%
17. Jahrhundert Voltaire 1694 1778 Autor, Philosoph
4%
20. Jahrhundert (1920-1929) Yasser Arafat 1929 2004 Politiker, Aktivist
4%
20. Jahrhundert. (1910-1919) Alan Turing 1912 1954 Mathematiker, Informatiker
3%
20. Jahrhundert (1990-1999) Antoine Griezmann 1991 - Fußballer
3%
300-0 vor Christus Archimedes 287 v.chr 212 v.chr Mathematiker
3%
4. und 5. Jahrhundert Augustinus von Hippo 354 430 Philosoph, Religiöse Figur
3%
20. Jahrhundert (1900-1909) Ayatollah Ruhollah Khomeini 1902 1989 Religiöse Figur, Politiker
3%
1.,2. und 3. Jahrhundert Caligula 12 41 Adliger
3%
13. Jahrhundert Dante Alighieri 1265 1321 Dichter
3%
20. Jahrhundert (1990-1999) Dua Lipa 1995 - Sängerin
3%
8. Jahrhundert Du Fu 712 770 Dichter
3%
1500-1001 vor Christus Echnaton ? 1336 v.chr Adliger (Pharao)
3%
20. Jahrhundert (1920-1929) Grace Kelly 1929 1982 Schauspielerin
3%
20. Jahrhundert (1920-1929) Henry Kissinger 1923 2023 Politiker
3%
11. Jahrhundert Hildegard von Bingen 1098 1179 Religiöse Figur
3%
600-301 vor Christus Hippokrates 460 v.chr 370 v.chr Arzt
3%
2000-1501 vor Christus Jakob ? 16. Jahrhundert v.chr Religiöse Figur
3%
18. Jahrhundert Jean-Jacques Rousseau 1712 1778 Philosoph
3%
20. Jahrhundert (1960-1969) Jim Carrey 1962 - Schauspieler
3%
16. Jahrhundert Johannes Kepler 1571 1630 Astrophysiker
3%
Die 10 bekanntesten Menschen, die noch nicht vorgekommen sind J.R.R Tolkien 1892 1973 Schriftsteller
3%
4. und 5. Jahrhundert Justinian I 482 565 Adliger
3%
1.,2. und 3. Jahrhundert Konstantin der Große 272 337 Adliger
3%
20. Jahrhundert (1900-1909) Leonid Breschnew 1906 1982 Politiker
3%
20. Jahrhundert (1920-1929) Malcolm X 1925 1965 Aktivist
3%
1.,2. und 3. Jahrhundert Marcus Aurelius 121 180 Adliger
3%
18. Jahrhundert Marie Antoinette 1755 1793 Adlige
3%
1.,2. und 3. Jahrhundert Nikolaus von Myra 270 342 Religiöse Figur
3%
1500-1001 vor Christus Nofretete 14. Jahrhundert v.chr ~1330 v.chr Frau eines Adligen, berühmt durch eine Büste
3%
1.,2. und 3. Jahrhundert Paulus von Tarsus 5 66 Religiöse Figur
3%
16. Jahrhundert Peter Paul Rubens 1577 1640 Maler
3%
20. Jahrhundert. (1950-1959) Recep Tayyip Erdogan 1954 - Politiker
3%
20. Jahrhundert (1970-1979) Tupac 1971 1996 Sänger
3%
20. Jahrhundert (1900-1909) Walt Disney 1901 1966 Regisseur
3%
20. Jahrhundert (1970-1979) 50 Cent 1975 - Sänger
2%
9. Jahrhundert Alfred der Große 849 899 Adliger
2%
20. Jahrhundert(1930-1939) Anthony Hopkins 1937 - Schauspieler
2%
4. und 5. Jahrhundert Attila 406 453 Politiker
2%
Vor 2500 vor Christus Chephren ? Um 2530 v.chr Adliger (Pharao)
2%
1.,2. und 3. Jahrhundert Claudius Ptolemäus ~100 170 Mathematiker, Geograph, Astrologe
2%
2500-2001 vor Christus Eber ? ? Religiöse Figur, Lebenszeit geschätzt, Vorfahre der Person Fünfzehn Zeilen zuvor
2%
12. Jahrhundert Fibonacci 1170 1240 Mathematiker
2%
Die 10 bekanntesten Menschen, die noch nicht vorgekommen sind Fjodor Dostojewski 1821 1881 Schriftsteller
2%
Die 10 bekanntesten Menschen, die noch nicht vorgekommen sind George Gordon Byron Baron Byron 1788 1824 Schriftsteller
2%
600-301 vor Christus Herodot 484 v.chr 425 v.chr Dichter
2%
20. Jahrhundert. (1910-1919) Ingmar Bergman 1918 2007 Regisseur
2%
20. Jahrhundert (1900-1909) Jean-Paul Sartre 1905 1980 Philosoph,Dramatiker
2%
20. Jahrhundert (1970-1979) Justin Trudeau 1971 - Politiker
2%
16. Jahrhundert Miguel de Cervantes 1547 1616 Autor
2%
20. Jahrhundert. (1950-1959) Narendra Modi 1950 - Politiker
2%
13. Jahrhundert Philip IV 1268 1314 Herrscher
2%
12. Jahrhundert Richard Löwenherz 1157 1199 Politiker
2%
1000-601 vor Christus Sappho 630 v.chr 570 v.chr Dichterin
2%
1500-1001 vor Christus Saul 1079 v.chr 1010 v.chr Religiöse Figur
2%
Vor 2500 vor Christus Snofru ? Um 2600 v.chr Adliger (Pharao)
2%
20.Jahrhundert (1940-1949) Sylvester Stallone 1946 - Schauspieler
2%
2500-2001 vor Christus Ur-Nammu ? 2095 oder 2094 v.chr Adliger
2%
20. Jahrhundert (1960-1969) Vin Diesel 1967 - Schauspieler
2%
10. Jahrhundert Wladimir der Große 958 1015 Religiöse Figur
2%
7. Jahrhundert Abu Hanifa 698 767 Religiöse Figur
1%
7. Jahrhundert Aischa 605 678 Religiöse Figur
1%
20. Jahrhundert. (1910-1919) Albert Camus 1913 1960 Schriftsteller
1%
21. Jahrhundert Antony 2000 - Fußballer
1%
12. Jahrhundert Balduin IV 1161 1185 Adliger
1%
4. und 5. Jahrhundert Barbara Unbekannt 306 Religiöse Figur
1%
17. Jahrhundert Blaise Pascal 1623 1662 Mathematiker
1%
20. Jahrhundert (1980-1989) Chris Hemsworth 1983 - Schauspieler
1%
Vor 2500 vor Christus Djoser ? 2700 v.chr Adliger (Pharao)
1%
10. Jahrhundert Erik der Große 950 1003 Wikinger
1%
7. Jahrhundert Fatima 604 632 Religiöse Figur
1%
16. Jahrhundert Giordano Bruno 1548 1600 Astrophysiker
1%
13. Jahrhundert Giotto 1267 1337 Maler
1%
14. Jahrhundert Giovanni Boccaccio 1313 1375 Autor
1%
2000-1501 vor Christus Hagar ? ? Religiöse Figur (Magd der Person 2 zeilen zuvor)
1%
11. Jahrhundert Harald I 1016 1040 Herrscher
1%
11. Jahrhundert Hassan-i Sabbah 1050 1124 Religiöse Figur
1%
2000-1501 vor Christus Hatschepsut 1507 v.chr 1458 v.chr Adlige (Pharaonin)
1%
14. Jahrhundert Ibn Battuta 1304 1368 Autor, Reisender
1%
Vor 2500 vor Christus Imhotep Um 2800 v.chr Um 2700 v.chr Architekt
1%
2000-1501 vor Christus Isaak ? 16. Jahrhundert v.chr Religiöse Figur
1%
1000-601 vor Christus Jona 850 v.chr 810 v.chr Religiöse Figur
1%
10. Jahrhundert Knut der Große 995 1035 Adliger
1%
1000-601 vor Christus Königin von Saba ? 9. jahrhundert v.chr Religiöse Figur
1%
8. Jahrhundert Li Bai 701 762 Dichter
1%
Vor 2500 vor Christus Menes ? Um 2900 v.chr Adliger (Pharao)
1%
Vor 2500 vor Christus Narmer ? 2987 v.chr Adliger (Pharao), erster Pharao
1%
21. Jahrhundert Olivia Rodrigo 2003 - Schauspielerin
1%
13. Jahrhundert Osman I 1254 1327 Herrscher
1%
11. Jahrhundert Papst Gregor VII 1020 1085 Religiöse Figur
1%
6. Jahrhundert Papst Gregory der Große 540 604 Religiöse Figur
1%
11. Jahrhundert Papst Urban II 1042 1099 Religiöse Figur
1%
1500-1001 vor Christus Samson 1118 v.chr 1078 v.chr Religiöse Figur (Existenz umstritten)
1%
2000-1501 vor Christus Sarah ? ? Religiöse Figur (Mutter der Person 2 zeilen zuvor)
1%
10. Jahrhundert Stephan I 975 1038 Adliger
1%
15. Jahrhundert Süleyman I 1494 1566 Herrscher
1%
1000-601 vor Christus Thales 623 v.chr 546 v.chr Philosoph
1%
4. und 5. Jahrhundert Theodosius I 340 395 Adliger
1%
2500-2001 vor Christus Yao 2352 v.chr 2234 v.chr Adliger
1%
1500-1001 vor Christus Aaron 1396 v.chr 1274 v.chr Religiöse Figur
0%
6. Jahrhundert Abu Bakr 573 634 Religiöse Figur
0%
8. Jahrhundert Abu Nuwas 762 814 Dichter
0%
20. Jahrhundert (1990-1999) Adelina Sotnikowa 1996 - Skaterin
0%
2000-1501 vor Christus Ahmose I 1560 v.chr 1525 v.chr Adliger (Pharao)
0%
20. Jahrhundert(1930-1939) Alain Delon 1935 - Schauspieler
0%
10. Jahrhundert Al-Biruni 973 1048 Mathematiker
0%
9. Jahrhundert Al-Farabi 872 951 Philosoph
0%
11. Jahrhundert Al-Ghazali 1058 1111 Philosoph
0%
9. Jahrhundert Al-Kindi 801 866 Philosoph
0%
11. Jahrhundert Alp Arslan 1029 1072 Herrscher
0%
6. Jahrhundert Aminah 557 577 Religiöse Figur
0%
1000-601 vor Christus Anaximander 610 v.chr 546 v.chr Philosoph
0%
20. Jahrhundert (1900-1909) Antoine de Saint-Exupéry 1900 Wahrscheinlich 1944 Schriftsteller
0%
12. Jahrhundert Antonius von Padua 1195 1231 Religiöse Figur
0%
8. Jahrhundert Asch-Schafi‘i 767 820 Religiöse Figur
0%
1000-601 vor Christus Äsop 620 v.chr 564 v.chr Dichter
0%
12. Jahrhundert Averros 1126 1198 Philosoph
0%
10. Jahrhundert Avicenna 980 1037 Philosoph
0%
4. und 5. Jahrhundert Basilius 329 379 Religiöse Figur
0%
20. Jahrhundert (1970-1979) Ben Affleck 1972 - Schauspieler
0%
11. Jahrhundert Bernhard von Clairvaux 1090 1153 Religiöse Figur
0%
6. Jahrhundert Bilal ibn Rabah 580 642 Religiöse Figur
0%
20. Jahrhundert(1930-1939) Brigitte Bardot 1934 - Schauspieler
0%
20. Jahrhundert (1970-1979) Cameron Diaz 1972 - Schauspielerin
0%
Die 10 bekanntesten Menschen, die noch nicht vorgekommen sind Carl von Linné 1707 1778 Naturforscher
0%
7. Jahrhundert Charles Martel 688 741 Kriegsführer
0%
4. und 5. Jahrhundert Chlodwig I 466 511 Adliger
0%
1.,2. und 3. Jahrhundert Commodus 161 192 Adliger
0%
14. Jahrhundert Donatello 1386 1466 Maler
0%
Die 10 bekanntesten Menschen, die noch nicht vorgekommen sind Edgar Allan Poe 1809 1849 Dichter
0%
1000-601 vor Christus Elija ? 9. jahrhundert v.chr Religiöse Figur
0%
2500-2001 vor Christus Enheduanna Vor 2215 v.chr Nach 2215 v.chr Dichterin, Tochter der Person Vier Zeilen zuvor
0%
1.,2. und 3. Jahrhundert Flavius Josephus 37 ~100 Historiker
0%
14. Jahrhundert Francesco Petraca 1304 1374 Autor
0%
16. Jahrhundert Francis Bacon 1561 1626 Philosoph
0%
12. Jahrhundert Franz von Asisi 1182 1226 Adliger
0%
10. Jahrhundert Guido von Arezzo 991 1050 Musiker
0%
2000-1501 vor Christus Hammurapi 1792 v.chr 1750 v.chr Adliger (Pharao)
0%
8. Jahrhundert Harun ar-Raschid 766 809 Adliger
0%
6. Jahrhundert Heraclius 575 641 Adliger
0%
600-301 vor Christus Herakleios 535 v.chr 470 v.chr Philosoph
0%
4. und 5. Jahrhundert Hieronymus 348 420 Religiöse Figur
0%
10. Jahrhundert Hugo Capet 940 996 Adliger
0%
4. und 5. Jahrhundert Hypatia 350 415 Mathematiker
0%
10. Jahrhundert Ibn Al-Haytham 965 1039 Physiker, Mathematiker
0%
14. Jahrhundert Ibn Khaldun 1332 1406 Historiker
0%
8. Jahrhundert Jabir ibn Hayyan 721 815 Autor, Gelehrter, Chemiker
0%
20. Jahrhundert. (1950-1959) Jackie Chan 1954 - Schauspieler
0%
17. Jahrhundert John Locke 1632 1704 Philosoph
0%
6. Jahrhundert Khadija bint Khuwaylid 556 619 Religiöse Figur
0%
6. Jahrhundert Khalid ibn al-walid 592 642 Religiöse Figur
0%
21. Jahrhundert Khvicha Kvaratskhelia 2001 - Fußballer
0%
1000-601 vor Christus Kyros II ? (~600v.chr) 530 v.chr Adliger
0%
20. Jahrhundert (1990-1999) Margot Robbie 1990 - Schauspielerin
0%
Vor 2500 vor Christus Methuselah Um 3100 v.chr Um 2000 v.chr Religiöse Figur, bekannt durch sein erreichtes Alter von 969 Jahren
0%
17. Jahrhundert Montesquieu 1689 1755 Philosoph
0%
7. Jahrhundert Muawiya I 603 680 Religiöse Figur
0%
9. Jahrhundert Muhammed ibn Zakariya al-Razi 865 925 Physiker
0%
14. Jahrhundert Murat I 1326 1389 Herrscher
0%
2500-2001 vor Christus Mykerinos Unbekannt 2510 v.chr Adliger (Pharao)
0%
20. Jahrhundert (1960-1969) Naruhito 1960 - Adliger
0%
1000-601 vor Christus Nebukadnezar II. 640 v.chr 562 v.chr Adliger, Religiöse Figur
0%
Die 10 bekanntesten Menschen, die noch nicht vorgekommen sind Niccolò Machiavelli 1469 1527 Philosoph
0%
20. Jahrhundert. (1910-1919) Nicolae Ceausescu 1918 1989 Politiker
0%
20. Jahrhundert (1960-1969) Nicolas Cage 1964 - Schauspieler
0%
2500-2001 vor Christus Nitokris ? Zu Beginn der ersten Zwischenzeit im alten Ägypten Adliger (Pharao)
0%
6. Jahrhundert Omar 585 644 Religiöse Figur
0%
11. Jahrhundert Omar Khayyam 1048 1131 Mathematiker
0%
13. Jahrhundert Orhan 1288 1362 Herrscher
0%
9. Jahrhundert Papst Formosus 816 896 Religiöse Figur
0%
2500-2001 vor Christus Pepi I ? Um 2250 v.chr Adliger (Pharao)
0%
2500-2001 vor Christus Pepi II. Unbekannt 2180 v.chr Adliger (Pharao)
0%
8. Jahrhundert Pippin der Jüngere 715 768 Adliger
0%
Vor 2500 vor Christus Rachel Um 3500 v.chr ? Religiöse Figur
0%
20. Jahrhundert (1980-1989) Richard Madden 1986 - Schauspieler
0%
9. Jahrhundert Rjurik 830 879 Adliger
0%
13. Jahrhundert Rumi 1207 1273 Autor
0%
1500-1001 vor Christus Salomon 1011 v.chr 931 v.chr Religiöse Figur
0%
2500-2001 vor Christus Sargon von Akkad 2300 v.chr 2215 v.chr Adliger (Pharao)
0%
2500-2001 vor Christus Teti II ? Um 2300 v.chr Adliger (Pharao)
0%
13. Jahrhundert Thomas Aquinas 1225 1274 Philosoph
0%
2000-1501 vor Christus Thutmosis I 1600 v.chr 1493 v.chr Adliger (Pharao)
0%
14. Jahrhundert Timur 1336 1405 Herrscher
0%
6. Jahrhundert Uthman 574 656 Religiöse Figur
0%
20. Jahrhundert (1970-1979) Wolodymyr Selenskyj 1978 - Politiker
0%
7. Jahrhundert Wu Zetian 624 705 Adliger
0%
7. Jahrhundert Xuanzang 602 664 Mönch
0%
2000-1501 vor Christus Zoroaster ? ? Religiöse Figur
0%
Keine übereinstimmenden Quizze gefunden
Verteilung der Resultate
Anzahl Personen mit jedem Resultat
Perzentil nach korrekt beantworteten Fragen
Ihre Resultats-Entwicklung
Sie haben dieses Quiz noch nicht gespielt